Newton para principiantes
Wedi'i Gadw mewn:
| Prif Awdur: | |
|---|---|
| Fformat: | Llyfr |
| Iaith: | Sbaeneg |
| Cyhoeddwyd: |
Buenos Aires
Era naciente
2001
|
| Cyfres: | Colección para Principiantes, 6
|
| Pynciau: | |
| Tagiau: |
Ychwanegu Tag
Dim Tagiau, Byddwch y cyntaf i dagio'r cofnod hwn!
|
MARC
| LEADER | 00000nam a2200000 a 4500 | ||
|---|---|---|---|
| 001 | UCJ2508 | ||
| 003 | CL-VaPUC | ||
| 005 | 20220819113606.0 | ||
| 008 | 061222e20010000AG |||||||||||||||||spa|d | ||
| 999 | |c 318742 |d 318740 | ||
| 020 | |a 9879065085 | ||
| 040 | |c Pontificia Universidad Católica de Valparaíso | ||
| 082 | 0 | 4 | |a 501 |b RAN |2 21 |
| 100 | 0 | |a Rankin, William |e author |9 503454 | |
| 245 | 1 | 0 | |a Newton para principiantes |
| 260 | |a Buenos Aires |b Era naciente |c 2001 | ||
| 300 | |a 174 p | ||
| 490 | 0 | |a Colección para Principiantes, 6 | |
| 583 | |a last modification |c 20061222 00:00:00 |k Rodrigo Vera | ||
| 600 | 0 | |a Newton, Isaac, |d 1642-1727 |9 875680 | |
| 650 | 0 | |a Filosofía de las ciencias |9 256466 | |
| 650 | 0 | |a Filosofía de las matemáticas |9 265233 | |
| 650 | 0 | |a Física |9 227844 | |
| 942 | |c BK |2 ddc | ||
| 945 | |d 20061222 00:00:00 |a jtorresc | ||
| 952 | |0 0 |1 0 |4 0 |6 501_000000000000000_RAN_2001 |7 0 |8 A |9 396786 |a BIBCUR |b BIBCUR |d 2019-11-22 |i 430912K |l 1 |o 501 RAN 2001 |p 430912K |r 2025-04-22 |s 2025-03-18 |w 2019-11-22 |y BK |k FIS | ||